000 00591nam a2200181Ia 4500
003 IN-BaIIA
008 211028s9999 xx 000 0 eng d
020 _a0-8194-3698-4
040 _cIIA Library
080 _a621.317.31
_bJAN
100 _aJanesick, James R
_924675
245 0 _aScientific charge-coupled devices
_cJames R. Janesick
260 _aWashington
_bThe International Society for Optical Engineering
_c2001
300 _axvi, 906p.
490 _aSPIE Press monograph; PM83
650 _aCharge coupled devices
_910877
942 _cBK
999 _c14051
_d14051